000 01106nam0a22003011 4500
001 v19\rc\1348172
005 20260405232635.0
035 _a(NLR Aleph) 005210262
090 _a5401012
_c5401012
100 _a20060512e18621862|||y0rusy50 ca
101 0 _arus
102 _aRU
105 _ay z |||||
200 1 _aСжатый воздух как движитель
_f[И. Алымов]
210 _a[Санкт-Петербург]
_cтип. Мор. м-ва
_d[1862]
215 _a41 с.
_d23
300 _aАвт. указан в конце текста
309 _aБез тит. л. и обл.
311 _aИз "Морского сб." № 7, 1862 г.
488 0 _12001#$aМорской сборник$v1862, № 7
_tМорской сборник
700 1 _8rus
_7ca
_aАлымов
_bИ. П.
_f1831-1884
_gИлья Павлович
_3RU\NLR\AUTH\77106442
_989367
801 0 _aRU
_bNLR
_c20060512
_gpsbo
801 0 _aRU
_bRuMoRGB
_c20060512
_2psbo
801 1 _aRU
_bProSoft-M
_c20060512
_2rusmarc
801 2 _aRU
_bNLR
_c20121212
_2rusmarc
852 _aNLR
_j18.94.2.425
942 _cBOOK
980 _aNB